| 000 | | | 03732cbm0a2200265#x 450 |
| 001 | | | d0790ed2-081f-46d9-bf8b-492385ef7aed |
| 005 | | | 20200423151000.0 |
| 100 | ## | $a | 20200420j19340126k###0rusy50 ca |
| 101 | 0# | $a | fre |
| 102 | ## | $a | FR |
| 122 | 1# | $a | d19340126## |
| 200 | 1# | $a | Германо-польская декларация о ненападении |
| | $j | 26 января 1934 г. |
| 251 | ## | $c | Документ |
| 300 | ## | $a | Копия. На французском языке |
| 461 | #0 | $1 | 2001 |
| | $a | Ф. 198к |
| | $1 | 251 |
| | $c | Фонд |
| | $1 | 852 |
| | $j | 198к |
| 462 | #0 | $1 | 2001 |
| | $a | Оп. 14 |
| | $1 | 251 |
| | $c | Опись |
| | $1 | 852 |
| | $j | 14 |
| 462 | #0 | $1 | 2001 |
| | $a | Д. 18 |
| | $v | Л. 180-181 |
| | $1 | 251 |
| | $c | Дело |
| | $1 | 852 |
| | $j | 18 |
| 605 | ## | $2 | prlib_sh |
| | $3 | LIBNET\UAF\0000088514 |
| | $a | Вторая мировая война в архивных документах (Комплекс оцифрованных архивных документов, кино- и фотоматериалов) |
| | $l | коллекция |
| 617 | ## | $a | Германия |
| | $f | 1934 |
| | $2 | prlib_sh |
| 617 | ## | $a | Польша |
| | $f | 1934 |
| | $2 | prlib_sh |
| 801 | #0 | $a | RU |
| | $b | ПБ им. Б.Н. Ельцина |
| | $c | 20200420 |
| 801 | #1 | $a | RU |
| | $b | ПБ им. Б.Н. Ельцина |
| | $c | 20200420 |
| | $2 | rusmarc |
| 801 | #2 | $a | RU |
| | $b | ПБ им. Б.Н. Ельцина |
| | $c | 20200423 |
| | $2 | rusmarc |
| 850 | ## | $a | Российский государственный военный архив |
| 852 | ## | $a | РГВА |
| | $j | Л. 180-181 |
| 035 | ## | $a | LIBNET\0001069699 |
| 937 | ## | $d | 144164585 |
| | $h | Российский государственный военный архив |
| 856 | 4# | $u | http://readingroom.main.prlib.ru/item.aspx?id_node=n144164585&mode=full |